| 000 | 00448cam a2200169ua 4500 | ||
|---|---|---|---|
| 020 | _cRs 2.00 | ||
| 041 |
_amal _h |
||
| 082 |
_a894.812 2 _bPAD/EN |
||
| 100 | _aPadmanabha Pillai, Cherukara . | ||
| 245 |
_aEnte mannu / _cCherukara Padmanabha Pillai. _hTextual Documents |
||
| 260 |
_aThrissur : _bCurrent Books , _c1959. |
||
| 300 | _a139 ; . | ||
| 365 | _aRs 2.00 | ||
| 650 | _aDrama - Malayalam | ||
| 942 | _cBK | ||
| 999 |
_c588 _d588 |
||